ბათუმის შოთა რუსთაველის სახელმწიფო უნივერსიტეტის ბიბლიოთეკა

ფიზიოთერაპია და კურორტოლოგია (ბიბ.ჩანაწერი № 43402)

000 -LEADER
fixed length control field 00729nam a2200217Ia 4500
001 - CONTROL NUMBER
control field 10130
003 - CONTROL NUMBER IDENTIFIER
control field GE_BSU
008 - FIXED-LENGTH DATA ELEMENTS--GENERAL INFORMATION
fixed length control field 181216s||||||||xx |||||||||||||| ||und||
020 ## - INTERNATIONAL STANDARD BOOK NUMBER
International Standard Book Number 5505014933
040 ## - CATALOGING SOURCE
Transcribing agency GE_BSU
080 ## - UNIVERSAL DECIMAL CLASSIFICATION NUMBER
Universal Decimal Classification number 615.83(479.22)(0758)+615(479.22)(075.8)
100 ## - MAIN ENTRY--PERSONAL NAME
Personal name დგებუაძე,მ.
245 ## - TITLE STATEMENT
Title ფიზიოთერაპია და კურორტოლოგია
245 ## - TITLE STATEMENT
Remainder of title სახ–ლო სამედ. სტუდ–ს
260 ## - PUBLICATION, DISTRIBUTION, ETC.
Place of publication, distribution, etc. თბილისი
260 ## - PUBLICATION, DISTRIBUTION, ETC.
Name of publisher, distributor, etc. განათლება
260 ## - PUBLICATION, DISTRIBUTION, ETC.
Date of publication, distribution, etc. 1994
300 ## - PHYSICAL DESCRIPTION
Extent 199გვ.20სმ.ილ.
653 ## - INDEX TERM--UNCONTROLLED
Uncontrolled term ფიზიოთერაპია და კურორტოლოგია
942 ## - ADDED ENTRY ELEMENTS (KOHA)
Koha item type წიგნი
ეგზემპლარები
Withdrawn status Lost status Damaged status Not for loan Date acquired Barcode Date last seen Price effective from Koha item type
        2018-12-17 18703 2018-12-17 2018-12-17 წიგნი
        2018-12-17 18704 2018-12-17 2018-12-17 წიგნი
        2018-12-17 18705 2018-12-17 2018-12-17 წიგნი